000 00327nam a22001337a 4500
008 170202b xxu||||| |||| 00| 0 eng d
020 _a9780766011847
041 _aeng
080 _a61
100 _a3
101 _aSHM
245 _aCARPAL TUNNEL SYNDROME AND OTHER REPETITIVE STRAIN INJURIES
_cJOHANSSON, P
942 _2udc
_cBK
999 _c4379
_d4379